| 000 | 00489nam a2200169 a 4500 | ||
|---|---|---|---|
| 001 | 2617 | ||
| 005 | 20140414131913.0 | ||
| 008 | 050607s19uu xx 00 eng d | ||
| 050 |
_aER _bH11 1956 |
||
| 100 | _aZion, Gene | ||
| 245 |
_aHarry the dirty dog / _cby Gene Zion ; pictures by Margaret Bloy Graham. |
||
| 260 |
_aColumbus, Ohio : _bNewfield Publications, _c1956. |
||
| 300 | _a1 v. p. : ill. ; cm. | ||
| 650 |
_aDogs _xFiction. |
||
| 650 | _aChildren stories. | ||
| 999 |
_c111312 _d111312 |
||